WHO DID WHAT? SEINFELD TRIVIA - Statistics

General Stats
  • This quiz has been taken 1,168 times
  • The average score is 50 of 56
Answer Stats
Hint Answer % Correct
Hates double-parkers George
99%
"Master of the House" from Les Mis got stuck in his head George
99%
Creator of The Human Fund George
99%
Risked saying "I love you" a second time, after first getting no response George
99%
Hates their nickname at work George
99%
Tried to sell a 'toilet book' to Rebecca DeMornay George
99%
Gets smarter when abstaining George
99%
Nursed a squirrel back to health George
99%
Has pants that swish George
99%
Buys damaged cashmere sweaters at a discount to gift George
99%
Has much better luck doing the opposite of his/her instincts George
99%
Wants to be draped in velvet George
99%
Never got the real apology he wanted when someone made fun of the size of his head George
99%
Uses crib notes George
99%
Won a trivia game because of a typo George
99%
Has a gambling problem Kramer
99%
Likes to cook in the shower Kramer
99%
Stole lobsters from some traps Kramer
99%
Once went in search of a pineapple italian ice for a celbrity Kramer
99%
Burned down a cabin Kramer
99%
Doesn't want a kosher meal Elaine
97%
Has a head like a "walking candy apple" Elaine
97%
Met someone who had an affair Ghandi Elaine
97%
Secretly wished that they were getting married, instead of George Elaine
97%
Stuck a fork in someone's forehead Elaine
97%
Got someone to switch teams... temporarily Elaine
97%
Sneezed into a salad, resulting in Jerry's T.V. show being cancelled. Elaine
97%
Ate an old royal cake that was bought at auction Elaine
97%
Can't date someone who shakes their head at pie Jerry
97%
Switches the label on their pants to seem thinner Jerry
97%
Distinguishes between good-naked and bad-naked. Jerry
97%
Won two races by starting before the gun went off Jerry
97%
The original creator of "the move" Jerry
97%
Gave away an astronaut pen that writes upside down Jerry
97%
Accidentally bought waaaaaay to much gum Jerry
97%
Dabbled in movie piracy Jerry
97%
Called an anti-dentite Jerry
97%
Sped down the hill in a rickshaw Newman
95%
Crushes on Jerry's Ex Newman
95%
Was in the theater at the same time as Jerry during Schindler's List Newman
95%
Wants to transfer to Hawaii Newman
95%
"It was a million to one shot, Doc. Million to one" Frank
81%
The original creator of "stopping short" Frank
80%
Speaks Korean Frank
79%
Feels compelled to wear face paint to sports games Putty
78%
Thinks Jerry is " a very, very bad man" Babu
70%
"That's gold, Jerry! Gold!" Kenny Bania
69%
His mother's final word was "BOSCO!" J. Peterman
64%
Created "The Executive" Morty Seinfeld
61%
"Hello!" Uncle Leo
58%
Can't see the images in 3D posters Mr. Pitt
57%
Eats a Snickers bar with a knife and fork Mr. Pitt
57%
Doesn't wash his hands after using the bathroom Poppy
57%
There's a creepy doll that looks just like this character Estelle Costanza
53%
Switched to Judaism for the jokes Tim Whatley
53%
Nobody beats him! The Wiz
45%
No matching quizzes found
Score Distribution
Percent of People with Each Score
Percentile by Number Answered
Your Score History
You have not taken this quiz